|
|
|
|
| LEADER |
00000ny a22000003n 4500 |
| 005 |
2011053005165.0 |
| 008 |
031119s2003 sp s 000 0 spa c |
| 017 |
|
|
|a D.L.M.24465-2003
|
| 020 |
|
|
|a 8484940756
|
| 035 |
|
|
|a 615
|
| 040 |
|
|
|a SpMaUCDE
|d vLex
|
| 040 |
|
|
|a UMA.RE
|d vLex
|
| 080 |
|
|
|a 336.226.1(460)
|
| 090 |
|
|
|c 343
|d 343
|
| 100 |
1 |
|
|a Ruiz Garijo, Mercedes
|
| 245 |
1 |
4 |
|a Los rendimientos del capital inmobiliario en el nuevo IRPF
|h [Recurso electrn̤ico]
|c Mercedes Ruiz Garijo
|
| 256 |
|
|
|a Servicio en ln̕ea
|
| 260 |
|
|
|a Madrid :
|b Editoriales de Derecho Reunidas,
|c D.L. 2003
|
| 300 |
|
|
|a 195 p. ;
|c 22 cm
|
| 506 |
1 |
|
|a Contenido solo disponible en los productos indicados
|d vLex Global
|d vLex Global (Academic Edition, excluding Law Schools)
|d vLex Global (U.S. Academic Edition, Law Schools)
|d vLex Global (U.S. Academic Edition, excluding Law Schools)
|d vLex Global (Academic Edition, Law Schools)
|
| 650 |
0 |
7 |
|a Impuesto sobre la renta de las personas
|2 Tesauro vLex
|
| 650 |
0 |
7 |
|a Tributario
|2 Tesauro vLex
|
| 650 |
0 |
7 |
|a Derecho tributario
|2 Tesauro vLex
|
| 650 |
0 |
7 |
|a Capital inmobiliario
|2 Tesauro vLex
|
| 740 |
0 |
|
|a vLex Libros (Servicios en ln̕ea)
|
| 856 |
4 |
0 |
|u http://vlex.com/source/615
|z Acceso restringido
|
| 942 |
|
|
|c BOOK
|
| 999 |
0 |
|
|a Taxation
|b Madrid
|